000 004830000a22001930004500
001 004022
003 MACL
005 20151025153251.0
008 151025b xxu||||| |||| 00| 0 eng d
040 _aMACL
_cMACL
041 _aEnglish
082 _a934.045/GOK
100 _aGokhale, B.G.
_916774
245 _aNew Light On Early Buddhism
_cB.G. Gokhale
260 _aMumbai
_c2001
_bBombay Popular Prakashan,
350 _a300
650 _aHistory
_916775
942 _k934
_cBK
_2ddc
999 _c15914
_d15914